01010nam a2200265 a 450000100060000000300080000600500170001400800410003102000320007203500190010404000350012304100080015808200220016624501570018826000310034530000350037650400360041165000340044770000320048170000370051370000300055094200120058099900170059295201350060961904BD-RjUL20211209081021.0170122s1986 nyua b 001 0 eng d a0471881848 :c$36.50 (est.) a(BD-RjUL)62029 aBD-RjULcBD-RjULdBD-RjULbeng aeng00a712223bFOU 198600aFoundations for visual project analysis /cedited by Richard C. Smardon, James F. Palmer, John P. Felleman ; assisted by Robert Marshall, Joanne Barone. aNew York :bWiley,cc1986. axxvi, 374 p. :bill. ;c29 cm. aIncludes bibliography and index 0aLandscape assessment.91842631 aSmardon, Richard C.91842641 aPalmer, James F.,d1950-91842651 aFelleman, John P.9184266 2ddccBK c61904d61904 00102ddc40718NFICaRUCLbRUCLcReadingd2007-08-29eAsia foundationl0o712 FOU 1986r2017-01-22 00:00:00tC-1w2017-01-22yBK